000 00412nam a22001217a 4500
008 230612b xxu||||| |||| 00| 0 eng d
082 _a354.676
_bGOK
100 _cGOK
245 _a2009/2010 District Allocation Budget and Project Details of the GOK for the Year Ending 30th June, 2010
_bVote R20
_cMinistry of Water and Irrigation
260 _aNairobi, Kenya
_bGOK
_cJune 2010
300 _a121p
942 _2ddc
_cBK
999 _c1062
_d1062